[Event "19. Open de la Constitución 2017"]
[Site "San Sebastian de los Reyes ES"]
[Date "2017.12.03"]
[Round "2.11"]
[White "Rodriguez Valdeavaro, Julio C"]
[Black "Torres Boch, Jose F"]
[Result "0-1"]
[WhiteElo "1847"]
[BlackElo "2143"]
[PlyCount "105"]
[EventDate "2017.12.02"]
[EventType "swiss"]
[EventRounds "9"]
[EventCountry "ESP"]
[SourceTitle "Ajedrez en Madrid"]
[Source "lmi"]
[SourceDate "2017.12.02"]
[SourceVersion "1"]
[SourceVersionDate "2017.12.16"]
[SourceQuality "1"]

1. Nf3 Nf6 2. c4 g6 3. Nc3 Bg7 4. g3 O-O 5. Bg2 Nc6 6. O-O d6 7. d3 e5 8. Rb1
Re8 9. e4 Bg4 10. h3 Bxf3 11. Bxf3 Nd7 12. Bg2 Nc5 13. b4 Ne6 14. Be3 h5 15. b5
Ncd4 16. Ne2 Nxe2+ 17. Qxe2 Qe7 18. h4 Kh7 19. Bh3 Nc5 20. Qd2 b6 21. Rbd1 a6
22. Bxc5 dxc5 23. a4 Bh6 24. Qb2 a5 25. Qe2 Rad8 26. Qf3 Rd6 27. Rfe1 Rg8 28.
Kh2 Rf6 29. Qe2 Qd6 30. Rg1 Kg7 31. Kh1 Kf8 32. f4 Bxf4 33. gxf4 Rxf4 34. Rdf1
Rxh4 35. Rg3 Qd4 36. Rgf3 Ke8 37. Qf2 Qxf2 38. R1xf2 g5 39. Rxf7 Rxh3+ 40. Kg2
Rxd3 41. Rxc7 Rd7 42. Rc8+ Rd8 43. Rc7 Rf8 44. Rg7 Rxf2+ 45. Kxf2 Rd2+ 46. Ke3
Rg2 47. Rg6 h4 48. Rxb6 h3 49. Rh6 g4 50. b6 Rb2 51. Rh4 g3 52. b7 g2 53. Rg4
0-1

[Event "19. Open de la Constitución 2017"]
[Site "San Sebastian de los Reyes ES"]
[Date "2017.12.03"]
[Round "2.12"]
[White "Minguela Muñoz, Bienvenido"]
[Black "Cardenas Serrano, Sergio"]
[Result "1/2-1/2"]
[WhiteElo "1813"]
[BlackElo "2123"]
[PlyCount "136"]
[EventDate "2017.12.02"]
[EventType "swiss"]
[EventRounds "9"]
[EventCountry "ESP"]
[SourceTitle "Ajedrez en Madrid"]
[Source "lmi"]
[SourceDate "2017.12.02"]
[SourceVersion "1"]
[SourceVersionDate "2017.12.16"]
[SourceQuality "1"]

1. d4 Nf6 2. c4 g6 3. Nc3 Bg7 4. e4 d6 5. Nf3 O-O 6. Be2 Na6 7. O-O e5 8. d5
Nc5 9. Nd2 Bh6 10. Qc2 a5 11. Nb3 Bxc1 12. Raxc1 b6 13. Nxc5 bxc5 14. f4 exf4
15. Rxf4 Nd7 16. Bg4 Ne5 17. Bxc8 Rxc8 18. Ne2 Qg5 19. Rcf1 Rb8 20. Qc3 Rb4 21.
b3 a4 22. Nd4 axb3 23. Ne6 fxe6 24. Rxf8+ Kg7 25. R1f7+ Kh6 26. Qh3+ Qh5 27.
Qe3+ g5 28. Rf6+ Kg7 29. axb3 exd5 30. exd5 Qd1+ 31. Rf1 Qd4 32. Qxd4 cxd4 33.
Rc8 Rxb3 34. Rxc7+ Kg6 35. c5 dxc5 36. Rxc5 Rb6 37. Rd1 d3 38. d6 Kf6 39. Rd5
Ke6 40. d7 Nxd7 41. R5xd3 Nf6 42. Re1+ Kf7 43. Rde3 Rb7 44. Rf1 Rb6 45. h3 Kg6
46. Re7 Nd5 47. Ra7 Nf4 48. Rfa1 Rb2 49. R1a6+ Kf5 50. Ra5+ Kf6 51. R7a6+ Ne6
52. Ra2 Rb1+ 53. Kh2 Re1 54. Rf2+ Kg7 55. Ra7+ Kg6 56. Rff7 h5 57. Rfe7 h4 58.
Ra6 Kf6 59. Rea7 Kg6 60. Ra1 Re2 61. R7a2 Re3 62. Rf2 Nf4 63. Raf1 Kf5 64. Rf3
Re2 65. R1f2 Re1 66. Ra3 Kg6 67. Rb2 Kf6 68. Ra6+ Ne6 1/2-1/2

[Event "19. Open de la Constitución 2017"]
[Site "San Sebastian de los Reyes ES"]
[Date "2017.12.03"]
[Round "2.13"]
[White "Perez Ordoñez, Jose Ramon"]
[Black "Camarero Izquierdo, Juan Carlos"]
[Result "1-0"]
[WhiteElo "2066"]
[BlackElo "1852"]
[PlyCount "87"]
[EventDate "2017.12.02"]
[EventType "swiss"]
[EventRounds "9"]
[EventCountry "ESP"]
[SourceTitle "Ajedrez en Madrid"]
[Source "lmi"]
[SourceDate "2017.12.02"]
[SourceVersion "1"]
[SourceVersionDate "2017.12.16"]
[SourceQuality "1"]

1. Nf3 d5 2. c4 e6 3. b3 c6 4. Bb2 f5 5. g3 Nf6 6. Bg2 Bd6 7. O-O O-O 8. d3
Nbd7 9. Nbd2 Qe8 10. e4 Ng4 11. h3 Nh6 12. Qe2 dxe4 13. dxe4 f4 14. e5 Bc7 15.
g4 Nf7 16. Rfe1 Qe7 17. Bf1 h5 18. Qe4 Ng5 19. Qg6 Nxf3+ 20. Nxf3 Qf7 21. gxh5
Qxg6+ 22. hxg6 Rf5 23. Bd3 Rh5 24. h4 Bd8 25. Kg2 Nf8 26. Kh3 Rh6 27. Rg1 Bd7
28. Bc1 Bb6 29. Rg2 c5 30. Bxf4 Rh5 31. Kg4 Bc6 32. Rg3 Rh8 33. h5 Rd8 34. Bc2
Bxf3+ 35. Rxf3 Rd4 36. Rd1 Nd7 37. Rxd4 cxd4 38. Bg3 Nc5 39. b4 d3 40. Bxd3
Nxd3 41. Rxd3 Kf8 42. c5 Bxc5 43. Rd8+ Ke7 44. Bh4# 1-0

[Event "19. Open de la Constitución 2017"]
[Site "San Sebastian de los Reyes ES"]
[Date "2017.12.03"]
[Round "2.14"]
[White "Chidichimo, Pedro Jose Maria"]
[Black "Hernandez Ramos, David"]
[Result "0-1"]
[WhiteElo "1791"]
[BlackElo "2054"]
[PlyCount "100"]
[EventDate "2017.12.02"]
[EventType "swiss"]
[EventRounds "9"]
[EventCountry "ESP"]
[SourceTitle "Ajedrez en Madrid"]
[Source "lmi"]
[SourceDate "2017.12.02"]
[SourceVersion "1"]
[SourceVersionDate "2017.12.16"]
[SourceQuality "1"]

1. d4 e6 2. Bf4 Nf6 3. e3 c5 4. c3 Nc6 5. Nd2 Be7 6. Bd3 d5 7. Ngf3 Nh5 8. Bg3
cxd4 9. exd4 Bf6 10. Ne5 Nxg3 11. Nxc6 bxc6 12. hxg3 g6 13. Qe2 Qb6 14. Nb3 Rb8
15. Rb1 O-O 16. f4 a5 17. Nc5 Be7 18. Na4 Qc7 19. Qe3 Bd6 20. Kf2 f6 21. c4 e5
22. f5 exd4 23. Qxd4 Bxg3+ 24. Kg1 Be5 25. Qf2 g5 26. Qf3 Rd8 27. b3 Ba6 28. c5
Bd4+ 29. Kf1 Bxd3+ 30. Qxd3 Qf4+ 31. Qf3 Qxf3+ 32. gxf3 Re8 33. Rc1 Rb5 34. Rc2
Re5 35. Rch2 Rb7 36. Rd2 Be3 37. Rd3 Rbe7 38. Kg2 Rxf5 39. a3 Rfe5 40. b4 axb4
41. axb4 Bf4 42. Rf1 h5 43. Nc3 Re3 44. Rfd1 Rxd3 45. Rxd3 Be5 46. Ne2 Rb7 47.
Nd4 Bxd4 48. Rxd4 Kg7 49. Kg3 Kg6 50. Kh3 Kf5 0-1

[Event "19. Open de la Constitución 2017"]
[Site "San Sebastian de los Reyes ES"]
[Date "2017.12.03"]
[Round "2.16"]
[White "Sosa, Tomas"]
[Black "Unciti Juan, Javier"]
[Result "1-0"]
[WhiteElo "2460"]
[BlackElo "2037"]
[PlyCount "39"]
[EventDate "2017.12.02"]
[EventType "swiss"]
[EventRounds "9"]
[EventCountry "ESP"]
[SourceTitle "Ajedrez en Madrid"]
[Source "lmi"]
[SourceDate "2017.12.02"]
[SourceVersion "1"]
[SourceVersionDate "2017.12.16"]
[SourceQuality "1"]

1. e4 e6 2. d4 d5 3. Nd2 Nf6 4. e5 Nfd7 5. Bd3 c5 6. c3 Nc6 7. Ne2 cxd4 8. cxd4
f6 9. exf6 Nxf6 10. O-O Bd6 11. Nf3 Qc7 12. Be3 O-O 13. Nc3 a6 14. Rc1 Bd7 15.
h3 Rac8 16. Na4 Qa5 17. Bd2 Nb4 18. Nc5 Bxc5 19. dxc5 Ba4 20. Qe2 1-0

[Event "19. Open de la Constitución 2017"]
[Site "San Sebastian de los Reyes ES"]
[Date "2017.12.03"]
[Round "2.17"]
[White "Stefanescu, Iulian"]
[Black "Suarez Uriel, Adrian"]
[Result "0-1"]
[WhiteElo "1721"]
[BlackElo "2402"]
[PlyCount "102"]
[EventDate "2017.12.02"]
[EventType "swiss"]
[EventRounds "9"]
[EventCountry "ESP"]
[SourceTitle "Ajedrez en Madrid"]
[Source "lmi"]
[SourceDate "2017.12.02"]
[SourceVersion "1"]
[SourceVersionDate "2017.12.16"]
[SourceQuality "1"]

1. b3 e5 2. Bb2 Nc6 3. e3 Nf6 4. Bb5 Bd6 5. Ne2 Qe7 6. Nbc3 a6 7. Bxc6 dxc6 8.
h3 Bd7 9. d3 O-O-O 10. Ng3 Ba3 11. Qc1 Bxb2 12. Qxb2 c5 13. Nge4 Nxe4 14. Nxe4
Bc6 15. O-O-O f5 16. Ng3 Bxg2 17. Nxf5 Qf6 18. Rh2 Bf3 19. Ng3 Bxd1 20. Kxd1
Rhf8 21. Ne4 Qg6 22. Ke2 Rde8 23. Rh1 Qg2 24. Qa1 Qf3+ 25. Kd2 g5 26. Rg1 Qxh3
27. Rxg5 Qh4 28. Qg1 b6 29. Qg2 Kb8 30. Rg7 Re7 31. Rg8 Qh6 32. Kc3 Rxg8 33.
Qxg8+ Ka7 34. a4 Qg7 35. Qd5 Qf7 36. Qd8 Qe8 37. Qd5 Rd7 38. Qc4 Qf7 39. Qxf7
Rxf7 40. Kd2 h5 41. Ke2 Rg7 42. Kf1 h4 43. c3 Kb7 44. d4 exd4 45. cxd4 cxd4 46.
exd4 a5 47. f3 h3 48. Nf2 h2 49. f4 Rg1+ 50. Ke2 Rg2 51. Kf3 Rxf2+ 0-1

[Event "19. Open de la Constitución 2017"]
[Site "San Sebastian de los Reyes ES"]
[Date "2017.12.03"]
[Round "2.18"]
[White "Garcia Minguez, Antonio"]
[Black "Rodriguez Bernal, Herman"]
[Result "0-1"]
[WhiteElo "1520"]
[BlackElo "1763"]
[PlyCount "54"]
[EventDate "2017.12.02"]
[EventType "swiss"]
[EventRounds "9"]
[EventCountry "ESP"]
[SourceTitle "Ajedrez en Madrid"]
[Source "lmi"]
[SourceDate "2017.12.02"]
[SourceVersion "1"]
[SourceVersionDate "2017.12.16"]
[SourceQuality "1"]

1. d4 d5 2. Nf3 c5 3. c3 cxd4 4. cxd4 Nc6 5. Nc3 Nf6 6. h3 g6 7. Bf4 a6 8. e3
Bg7 9. Bd3 Bd7 10. a3 O-O 11. O-O b5 12. Ne5 e6 13. Rc1 Nxe5 14. Bxe5 Nh5 15.
Bh2 f5 16. Ne2 Ra7 17. Rc5 Rf7 18. Qd2 g5 19. Rfc1 f4 20. Qc2 Bf8 21. Rc3 Qf6
22. exf4 gxf4 23. f3 Rg7 24. Rc7 Rxc7 25. Qxc7 Qg5 26. g4 fxg3 27. f4 gxh2+ 0-1

[Event "19. Open de la Constitución 2017"]
[Site "San Sebastian de los Reyes ES"]
[Date "2017.12.03"]
[Round "2.19"]
[White "Ojosnegros Martin, Angel"]
[Black "Lopez Orellana, Federico"]
[Result "0-1"]
[WhiteElo "1519"]
[BlackElo "1727"]
[PlyCount "86"]
[EventDate "2017.12.02"]
[EventType "swiss"]
[EventRounds "9"]
[EventCountry "ESP"]
[SourceTitle "Ajedrez en Madrid"]
[Source "lmi"]
[SourceDate "2017.12.02"]
[SourceVersion "1"]
[SourceVersionDate "2017.12.16"]
[SourceQuality "1"]

1. e4 c6 2. d4 g6 3. Nf3 Bg7 4. Be3 d5 5. exd5 cxd5 6. Bb5+ Bd7 7. Bxd7+ Nxd7
8. O-O Ngf6 9. c3 O-O 10. Re1 e6 11. Qd3 a6 12. a4 Qc7 13. Na3 Rfc8 14. Rac1
Nb6 15. b3 Qd6 16. Nb1 a5 17. g3 Nbd7 18. Bf4 Qb6 19. Nbd2 Nh5 20. Qe3 Nxf4 21.
gxf4 Qd8 22. Ng5 Qf6 23. Qg3 h6 24. Ngf3 Ra6 25. Ne5 Nxe5 26. fxe5 Qf5 27. c4
Rac6 28. Kh1 h5 29. Rcd1 Bh6 30. c5 b6 31. b4 Bxd2 32. Rxd2 axb4 33. cxb6 Rxb6
34. Qd3 Qf4 35. a5 Rbc6 36. Re3 Rc1+ 37. Kg2 R8c3 38. Qe2 Qf5 39. a6 Qb1 40.
Kh3 Rg1 41. Qf3 g5 42. Qxh5 Qf5+ 43. Qg4 Qxg4# 0-1

[Event "19. Open de la Constitución 2017"]
[Site "San Sebastian de los Reyes ES"]
[Date "2017.12.03"]
[Round "2.20"]
[White "De Dompablo Fantova, Juan"]
[Black "Braziunaite, Rasa"]
[Result "0-1"]
[WhiteElo "1686"]
[BlackElo "1517"]
[PlyCount "98"]
[EventDate "2017.12.02"]
[EventType "swiss"]
[EventRounds "9"]
[EventCountry "ESP"]
[SourceTitle "Ajedrez en Madrid"]
[Source "lmi"]
[SourceDate "2017.12.02"]
[SourceVersion "1"]
[SourceVersionDate "2017.12.16"]
[SourceQuality "1"]

1. e4 d5 2. exd5 Qxd5 3. Nc3 Qa5 4. d4 c6 5. Bd2 Qb6 6. Bc1 Nf6 7. Nf3 Bg4 8.
Be2 e6 9. O-O Bd6 10. h3 Bxf3 11. Bxf3 Nbd7 12. a4 a5 13. Qe2 Qxd4 14. Be3 Qe5
15. g3 Bc5 16. Nd1 Bxe3 17. Nxe3 Nd5 18. Bxd5 exd5 19. Qg4 O-O-O 20. Rab1 g6
21. b4 h5 22. Qf3 Qe6 23. h4 Ne5 24. Qf4 f6 25. bxa5 d4 26. Ng2 g5 27. Qe4 Qh3
28. f3 Qxg3 29. a6 gxh4 30. a7 Kc7 31. Rb3 h3 32. f4 Qxg2+ 33. Qxg2 hxg2 34.
Rfb1 Nd7 35. Rxb7+ Kd6 36. Rd1 c5 37. c3 Kc6 38. Rb5 Ra8 39. Ra5 dxc3 40. Rc1
h4 41. Kxg2 Rag8+ 42. Kf3 h3 43. Rh1 h2 44. a8=Q+ Rxa8 45. Rxa8 Rxa8 46. Rxh2
Rxa4 47. Rc2 Rc4 48. Ke3 Kd5 49. Kf3 f5 0-1

[Event "19. Open de la Constitución 2017"]
[Site "San Sebastian de los Reyes ES"]
[Date "2017.12.03"]
[Round "2.21"]
[White "Rial Rodriguez, Marta"]
[Black "Martinez Miura, Enrique"]
[Result "1-0"]
[WhiteElo "1509"]
[BlackElo "1643"]
[PlyCount "43"]
[EventDate "2017.12.02"]
[EventType "swiss"]
[EventRounds "9"]
[EventCountry "ESP"]
[SourceTitle "Ajedrez en Madrid"]
[Source "lmi"]
[SourceDate "2017.12.02"]
[SourceVersion "1"]
[SourceVersionDate "2017.12.16"]
[SourceQuality "1"]

1. e4 e6 2. d4 d5 3. e5 c5 4. c3 cxd4 5. cxd4 Bb4+ 6. Bd2 Bxd2+ 7. Qxd2 Ne7 8.
Nf3 O-O 9. Be2 Nbc6 10. O-O Qb6 11. a3 Na5 12. Ra2 Nac6 13. b4 Nf5 14. Rd1 Bd7
15. Nc3 Rfc8 16. Na4 Qd8 17. Nc5 a6 18. Nxb7 Qe7 19. Nc5 Rcb8 20. Nxa6 Rb6 21.
Nc5 h6 22. g4 1-0

[Event "19. Open de la Constitución 2017"]
[Site "San Sebastian de los Reyes ES"]
[Date "2017.12.03"]
[Round "2.22"]
[White "Criado Jimenez, Jose"]
[Black "Fernandez Diaz, Ricardo"]
[Result "0-1"]
[WhiteElo "1615"]
[BlackElo "1493"]
[PlyCount "56"]
[EventDate "2017.12.02"]
[EventType "swiss"]
[EventRounds "9"]
[EventCountry "ESP"]
[SourceTitle "Ajedrez en Madrid"]
[Source "lmi"]
[SourceDate "2017.12.02"]
[SourceVersion "1"]
[SourceVersionDate "2017.12.16"]
[SourceQuality "1"]

1. g3 d5 2. Bg2 Nf6 3. Nf3 e6 4. O-O Nbd7 5. c4 c6 6. b3 Be7 7. Bb2 O-O 8. d3
Re8 9. Nbd2 Bf8 10. Re1 e5 11. Qc2 e4 12. dxe4 dxe4 13. Ng5 e3 14. fxe3 Bc5 15.
Bd4 Qb6 16. Bxc5 Qxc5 17. Ngf3 Qxe3+ 18. Kh1 Ng4 19. Bf1 Ndf6 20. Rac1 Nf2+ 21.
Kg1 Nd3+ 22. Kh1 Nxe1 23. Rxe1 Bd7 24. Nh4 Ng4 25. Rb1 Nf2+ 26. Kg1 Ne4+ 27.
Kh1 Nxd2 28. Ng2 Qh6 0-1

[Event "19. Open de la Constitución 2017"]
[Site "San Sebastian de los Reyes ES"]
[Date "2017.12.03"]
[Round "2.23"]
[White "Mehalingam, Karunanithi"]
[Black "Alfaya Martinez, Enrique"]
[Result "0-1"]
[WhiteElo "1490"]
[BlackElo "1613"]
[PlyCount "96"]
[EventDate "2017.12.02"]
[EventType "swiss"]
[EventRounds "9"]
[EventCountry "ESP"]
[SourceTitle "Ajedrez en Madrid"]
[Source "lmi"]
[SourceDate "2017.12.02"]
[SourceVersion "1"]
[SourceVersionDate "2017.12.16"]
[SourceQuality "1"]

1. d4 Nf6 2. c4 g6 3. Nc3 Bg7 4. Nf3 O-O 5. g3 d6 6. e4 c6 7. Bg2 Nbd7 8. O-O
a6 9. Be3 Ng4 10. Qe2 Nxe3 11. fxe3 b5 12. Rad1 bxc4 13. Qxc4 Rb8 14. b3 c5 15.
Ne2 Qa5 16. Nc1 Bh6 17. Qe2 Qc3 18. Nd3 Bb7 19. Rc1 Qa5 20. Bh3 Bc6 21. dxc5
Nxc5 22. Nxc5 dxc5 23. Ne5 Bb5 24. Nc4 Qc7 25. a4 Bc6 26. Nd2 Qe5 27. Bg2 Qg5
28. Rc3 Bg7 29. Rcc1 h5 30. Nf3 Qg4 31. Rxc5 Bxe4 32. Rg5 Bxf3 33. Bxf3 Qxg5
34. Qd3 Rfd8 35. Qc4 Qxe3+ 36. Kh1 Qd3 37. Qxf7+ Kxf7 38. Be2+ Kg8 39. Bxd3
Rxd3 40. Re1 Rbxb3 41. Rxe7 Rb2 42. Re1 Rdd2 43. Re8+ Kh7 44. Re1 Rxh2+ 45. Kg1
Bd4+ 46. Kf1 Rbf2+ 47. Kg1 Rfg2+ 48. Kf1 Rg1# 0-1

[Event "19. Open de la Constitución 2017"]
[Site "San Sebastian de los Reyes ES"]
[Date "2017.12.03"]
[Round "2.24"]
[White "Vazquez Rodriguez, Francisco"]
[Black "Aragon Lopez, Hiria"]
[Result "0-1"]
[WhiteElo "1585"]
[BlackElo "1488"]
[PlyCount "34"]
[EventDate "2017.12.02"]
[EventType "swiss"]
[EventRounds "9"]
[EventCountry "ESP"]
[SourceTitle "Ajedrez en Madrid"]
[Source "lmi"]
[SourceDate "2017.12.02"]
[SourceVersion "1"]
[SourceVersionDate "2017.12.16"]
[SourceQuality "1"]

1. e4 e6 2. d4 d5 3. e5 c5 4. c3 Qb6 5. Nf3 Nc6 6. Bd3 Bd7 7. dxc5 Bxc5 8. O-O
f6 9. b4 Be7 10. Re1 fxe5 11. Nxe5 Nxe5 12. Rxe5 Nf6 13. Bd2 O-O 14. Qc2 Rac8
15. Qd1 Ng4 16. Qxg4 Qxf2+ 17. Kh1 Qf1+ 0-1

[Event "19. Open de la Constitución 2017"]
[Site "San Sebastian de los Reyes ES"]
[Date "2017.12.03"]
[Round "2.25"]
[White "Gonzalez Morente, Jose A"]
[Black "Moreno Uribarri, Miguel"]
[Result "0-1"]
[WhiteElo "1453"]
[BlackElo "1582"]
[PlyCount "42"]
[EventDate "2017.12.02"]
[EventType "swiss"]
[EventRounds "9"]
[EventCountry "ESP"]
[SourceTitle "Ajedrez en Madrid"]
[Source "lmi"]
[SourceDate "2017.12.02"]
[SourceVersion "1"]
[SourceVersionDate "2017.12.16"]
[SourceQuality "1"]

1. d4 Nf6 2. Bg5 Ne4 3. Bf4 c5 4. f3 Nf6 5. e4 Qb6 6. d5 Qxb2 7. Nd2 d6 8. Nc4
Qb4+ 9. Bd2 Qa4 10. Qb1 Bd7 11. Bd3 b5 12. Ne3 g6 13. a3 Na6 14. c4 Nc7 15. Ne2
Rb8 16. O-O Bg7 17. Bc3 O-O 18. Qe1 bxc4 19. Bxc4 Nb5 20. Ba5 Nd4 21. Nc3 Qxa5
0-1

[Event "19. Open de la Constitución 2017"]
[Site "San Sebastian de los Reyes ES"]
[Date "2017.12.03"]
[Round "2.26"]
[White "Garcia Lopez, Fernando"]
[Black "Murillo Paz, Pedro P"]
[Result "0-1"]
[WhiteElo "1573"]
[BlackElo "1427"]
[PlyCount "116"]
[EventDate "2017.12.02"]
[EventType "swiss"]
[EventRounds "9"]
[EventCountry "ESP"]
[SourceTitle "Ajedrez en Madrid"]
[Source "lmi"]
[SourceDate "2017.12.02"]
[SourceVersion "1"]
[SourceVersionDate "2017.12.16"]
[SourceQuality "1"]

1. e4 e5 2. Nf3 Nc6 3. Bb5 Bc5 4. O-O Bd6 5. c3 Nf6 6. d3 Ne7 7. Nbd2 c6 8. Ba4
O-O 9. d4 Ng6 10. Bc2 Re8 11. Bb3 Bc7 12. Re1 d5 13. dxe5 Nxe5 14. exd5 Bg4 15.
Rf1 Qd6 16. g3 Bb6 17. Bc4 Bxf3 18. Nxf3 Nxc4 19. b3 Ne5 20. Nxe5 Qxe5 21. Bf4
Qxd5 22. c4 Qxd1 23. Raxd1 Re2 24. b4 a6 25. c5 Ba7 26. a3 h5 27. h3 Rae8 28.
Rd7 Bb8 29. Rd4 Bxf4 30. Rxf4 Ra2 31. Rf3 Nd5 32. Rd3 Rc2 33. Rfd1 Ree2 34. Rf3
f6 35. h4 Kf7 36. Kf1 g6 37. Kg1 f5 38. Kf1 Kf6 39. Re1 Rxe1+ 40. Kxe1 Ke5 41.
Rb3 Kd4 42. Rb1 Nc3 43. Ra1 Kd3 44. Kf1 Kd2 45. Re1 Rc1 46. Rxc1 Kxc1 47. Kg2
Kb2 48. Kf3 Kxa3 49. Kf4 Kxb4 50. Kg5 a5 51. Kxg6 a4 52. Kxf5 a3 53. g4 hxg4
54. h5 a2 55. h6 a1=Q 56. Kxg4 Nd5 57. Kg5 Qf6+ 58. Kh5 Nf4+ 0-1

[Event "19. Open de la Constitución 2017"]
[Site "San Sebastian de los Reyes ES"]
[Date "2017.12.03"]
[Round "2.27"]
[White "Vallespin Morales, Antonio"]
[Black "Nuevo Benitez, Miguel Angel"]
[Result "0-1"]
[WhiteElo "1388"]
[BlackElo "1571"]
[PlyCount "68"]
[EventDate "2017.12.02"]
[EventType "swiss"]
[EventRounds "9"]
[EventCountry "ESP"]
[SourceTitle "Ajedrez en Madrid"]
[Source "lmi"]
[SourceDate "2017.12.02"]
[SourceVersion "1"]
[SourceVersionDate "2017.12.16"]
[SourceQuality "1"]

1. e4 d6 2. d4 Nf6 3. Nc3 g6 4. Nf3 Bg7 5. Bc4 O-O 6. O-O Nxe4 7. Be3 Nxc3 8.
bxc3 Nd7 9. Rb1 c6 10. Re1 Nb6 11. Bb3 Bg4 12. Bg5 Re8 13. Bxf7+ Kxf7 14. Bxe7
Rxe7 15. Ng5+ Kg8 16. Qxg4 Qd7 17. Qh4 Bf6 18. Qg3 Bxg5 19. Qxg5 Rae8 20. Rf1
Nc4 21. d5 Qf5 22. Qxf5 gxf5 23. Rbd1 c5 24. h3 Re2 25. Rd3 Ne5 26. Rg3+ Kf7
27. Rb1 Re7 28. h4 h6 29. f4 Ng4 30. Kf1 Rf2+ 31. Kg1 Rxc2 32. Rxg4 fxg4 33.
Kh2 h5 34. f5 Kf6 0-1

[Event "19. Open de la Constitución 2017"]
[Site "San Sebastian de los Reyes ES"]
[Date "2017.12.03"]
[Round "2.28"]
[White "Martin Rodriguez, Jose Luis"]
[Black "Quintero Cuervo, Edgar"]
[Result "1-0"]
[WhiteElo "1293"]
[BlackElo "1566"]
[PlyCount "103"]
[EventDate "2017.12.02"]
[EventType "swiss"]
[EventRounds "9"]
[EventCountry "ESP"]
[SourceTitle "Ajedrez en Madrid"]
[Source "lmi"]
[SourceDate "2017.12.02"]
[SourceVersion "1"]
[SourceVersionDate "2017.12.16"]
[SourceQuality "1"]

1. c4 c5 2. Nc3 Nc6 3. Nf3 d6 4. g3 g6 5. Bg2 Bg7 6. O-O Nf6 7. d3 O-O 8. Re1
a6 9. a3 Rb8 10. Rb1 b5 11. cxb5 axb5 12. Bg5 h6 13. Bd2 b4 14. axb4 Nxb4 15.
Qc1 Kh7 16. Ra1 Be6 17. d4 Bb3 18. Rf1 Nc2 19. Rb1 cxd4 20. Nd1 e5 21. Be1 e4
22. Nd2 d3 23. exd3 Nd4 24. Kh1 Bc2 25. Ra1 Bxd3 26. Ne3 Bxf1 27. Bxf1 Nd7 28.
Nxe4 Nb3 29. Qd1 Nxa1 30. Qxa1 Bxb2 31. Qd1 Be5 32. f4 Bg7 33. h4 Nf6 34. Nf2
d5 35. g4 d4 36. Ng2 Qd5 37. Bd3 Rfe8 38. g5 Re3 39. gxf6 Rg3 40. Ne4 Rxd3 41.
Qxd3 Rb3 42. Nc3 Bxf6 43. Nxd5 Rxd3 44. Nxf6+ Kg7 45. Ne4 Rd1 46. Kh2 Rb1 47.
Kh3 d3 48. Nd2 Rb2 49. Ne3 Ra2 50. Kg3 f5 51. Nec4 Kf6 52. Bf2 1-0

[Event "19. Open de la Constitución 2017"]
[Site "San Sebastian de los Reyes ES"]
[Date "2017.12.03"]
[Round "2.29"]
[White "Osuna Osuna, Francisco"]
[Black "Lozano Hernanz, Rodrigo"]
[Result "1-0"]
[WhiteElo "1565"]
[BlackElo "1242"]
[PlyCount "33"]
[EventDate "2017.12.02"]
[EventType "swiss"]
[EventRounds "9"]
[EventCountry "ESP"]
[SourceTitle "Ajedrez en Madrid"]
[Source "lmi"]
[SourceDate "2017.12.02"]
[SourceVersion "1"]
[SourceVersionDate "2017.12.16"]
[SourceQuality "1"]

1. e4 e5 2. Nf3 Nc6 3. Bc4 Bc5 4. d3 Nf6 5. Nc3 h6 6. h3 O-O 7. g4 Nh7 8. h4
Be7 9. g5 h5 10. g6 Nf6 11. Ng5 d5 12. gxf7+ Rxf7 13. Nxf7 Kxf7 14. Nxd5 Kf8
15. Nxf6 Bxf6 16. Qxh5 Bd7 17. Qf7# 1-0

[Event "19. Open de la Constitución 2017"]
[Site "San Sebastian de los Reyes ES"]
[Date "2017.12.03"]
[Round "2.30"]
[White "Rodriguez Municio, Carmen"]
[Black "Villodre Miranda, Juan Alonso"]
[Result "0-1"]
[WhiteElo "1213"]
[BlackElo "1552"]
[PlyCount "80"]
[EventDate "2017.12.02"]
[EventType "swiss"]
[EventRounds "9"]
[EventCountry "ESP"]
[SourceTitle "Ajedrez en Madrid"]
[Source "lmi"]
[SourceDate "2017.12.02"]
[SourceVersion "1"]
[SourceVersionDate "2017.12.16"]
[SourceQuality "1"]

1. e4 c5 2. Nf3 Nc6 3. d4 cxd4 4. Nxd4 e5 5. Nf3 Nf6 6. Nc3 Bb4 7. Bg5 h6 8.
Bh4 d6 9. h3 g5 10. Bg3 Nxe4 11. Qd3 Bf5 12. Qc4 Nxg3 13. fxg3 Bxc2 14. Rc1 Bf5
15. a3 Be6 16. Qb5 Bxc3+ 17. bxc3 Qb6 18. g4 Qxb5 19. Bxb5 a6 20. Bd3 d5 21.
Bc2 e4 22. Nd4 Nxd4 23. cxd4 Ke7 24. O-O Rac8 25. Rf2 Rc7 26. Re1 Rhc8 27. Bb1
Rc3 28. a4 R8c4 29. Ra2 Rxd4 30. Kf2 a5 31. Rb2 Rc7 32. Ba2 Rxa4 33. Ke3 d4+
34. Kxe4 Bxa2 35. Kd3+ Be6 36. Rb3 b5 37. Re4 Kf6 38. Rb1 Bc4+ 39. Kd2 Ra2+ 40.
Kd1 Bd3 0-1

[Event "19. Open de la Constitución 2017"]
[Site "San Sebastian de los Reyes ES"]
[Date "2017.12.03"]
[Round "2.31"]
[White "Gonzalez Garcia, Luis"]
[Black "Busto Alvarez, Francisco"]
[Result "1-0"]
[WhiteElo "1551"]
[BlackElo "1200"]
[PlyCount "61"]
[EventDate "2017.12.02"]
[EventType "swiss"]
[EventRounds "9"]
[EventCountry "ESP"]
[SourceTitle "Ajedrez en Madrid"]
[Source "lmi"]
[SourceDate "2017.12.02"]
[SourceVersion "1"]
[SourceVersionDate "2017.12.16"]
[SourceQuality "1"]

1. d4 Nf6 2. Bf4 d6 3. e3 Bf5 4. Nf3 Nc6 5. c3 Bg4 6. Nbd2 e5 7. Bg5 Be7 8. Qb3
Na5 9. Qa4+ c6 10. b4 b5 11. Qc2 Nb7 12. dxe5 dxe5 13. Nxe5 Qd5 14. Bxf6 Bxf6
15. Nxg4 Qg5 16. Nxf6+ Qxf6 17. Qe4+ Qe6 18. Qxe6+ fxe6 19. g3 O-O 20. Bg2 Rac8
21. O-O c5 22. Bxb7 Rcd8 23. Nf3 Rd3 24. Rac1 Rd7 25. Be4 c4 26. Nd4 Rb8 27.
Nxe6 Re7 28. Bd5 Kh8 29. Nc5 Re5 30. e4 g6 31. Nd7 1-0